000 00654nam a2200289Ia 4500
005 20260324145447.0
008 008 260324s9999 xx 000 0 eng d
020 _a9781315535531
037 _aEBOOK
040 _aCRL
040 _beng
040 _cCRL
041 _2eng
041 _aeng
084 _qCRL
100 _aAnn Massa
_91223041
245 0 _aAmerican Literature in Context
245 0 _b1900-1930
260 _bTaylor and Francis
260 _c1982
365 _a
365 _b145
856 _uhttp://www.taylorfrancis.com/books/9781315535531
942 _cEBOOK
999 _c1830987
_d1830987